Proceedings- Future Forests of the Mountain West: a stand culture symposium
Guardat en:
| Autor principal: | |
|---|---|
| Format: | Llibre |
| Idioma: | anglès |
| Publicat: |
Ogden
U.S. Department of Agriculture, Forest Service, Intermountain Research Station
1988
|
| Col·lecció: | General Technical Report, 243
|
| Matèries: | |
| Etiquetes: |
Afegir etiqueta
Sense etiquetes, Sigues el primer a etiquetar aquest registre!
|
MARC
| LEADER | 00000nam a2200000 a 4500 | ||
|---|---|---|---|
| 001 | UCR6721 | ||
| 003 | CL-VaPUC | ||
| 005 | 20250227153640.0 | ||
| 008 | 980423e19880000us 1 eng d | ||
| 082 | 0 | 4 | |a 634.9 |b SCH |2 21 |
| 100 | 1 | |a Schmidt, Wyman C |e author |9 618913 | |
| 245 | 1 | 0 | |a Proceedings- Future Forests of the Mountain West: a stand culture symposium |
| 260 | |a Ogden |b U.S. Department of Agriculture, Forest Service, Intermountain Research Station |c 1988 | ||
| 300 | |a 402 p | ||
| 490 | 0 | |a General Technical Report, 243 | |
| 583 | |a last modification |c 19980423 00:00:00 |k Rodrigo Vera | ||
| 650 | 0 | 7 | |a SILVICULTURA |2 CL-VaPUC |9 264178 |
| 650 | 0 | 0 | |a Vida salvaje |9 407918 |
| 650 | 0 | 0 | |a Agua |9 257149 |
| 650 | 0 | 7 | |a FORRAJE |2 CL-VaPUC |9 269525 |
| 650 | 0 | 7 | |a RECREACION |2 CL-VaPUC |9 618914 |
| 650 | 0 | 0 | |a Fertilización |9 259681 |
| 650 | 0 | 0 | |a Genética |9 259443 |
| 650 | 0 | 7 | |a PLAGAS |2 CL-VaPUC |9 264624 |
| 650 | 0 | 0 | |a Economía |9 255568 |
| 650 | 0 | 7 | |a PINOS |2 CL-VaPUC |9 618915 |
| 942 | |c BK | ||
| 945 | |a crobeson |d 19980423 00:00:00 | ||
| 546 | |a En Inglés | ||
| 536 | |a Intermountain Research Station | ||
| 536 | |a University of Montana School of Forestry and Center for Continuing Education | ||
| 536 | |a Society of American Foresters | ||
| 518 | |p Future Forests of the Mountain West: a Stand Culture Symposium, Missoula, 29 de septiembre al 3 de octubre de 1986 | ||
| 999 | |c 383157 |d 383155 | ||
| 952 | |0 0 |1 0 |4 0 |6 634_900000000000000_SCH_1988 |7 0 |8 A |9 505189 |a BIBALI |b BIBALI |d 2020-01-23 |i 198182K |o 634.9 SCH 1988 |p 198182K |r 2025-01-20 |w 2020-01-23 |y BK |k ALI | ||